Dark (Netflix Series) Character Quiz - Statistics

General Stats
  • This quiz has been taken 1,051 times
  • The average score is 17 of 25
Answer Stats
Hint Answer % Correct
Protagonist, yellow raincoat Jonas Kahnwald
99%
Youngest brother of the Nielsens, went missing in 2019 Mikkel Nielsen
89%
Love interest of #1 Martha Nielsen
88%
Mother of the above, widow Hannah Kahnwald
87%
Father of the first, deceased Michael Kahnwald
86%
Police officer, has an affair with #2 Ulrich Nielsen
86%
Mysterious priest that gives clocks Noah
78%
Principal of Winden's school, mother of the three above Katharina Nielsen
77%
Older brother of the above Magnus Nielsen
76%
Chief of Winden's police department (2019) Charlotte Doppler
74%
Main protagonist's best friend, steals girlfriends Bartosz Tiedemann
73%
Owner of the Winden hotel, wife of the above Regina Tiedemann
70%
Deaf little girl, youngest of the Doppler family Elisabeth Doppler
68%
Old man with a scar in his ear, dement in 2019 Helge Doppler
68%
Director of Winden's nuclear power plant (2019) Aleksander Tiedemann
66%
Father of the above, lost a son in 1986 Tronte Nielsen
66%
Director of Winden's power plant (1986) Claudia Tiedemann
64%
Chief of Winden's police department (1986) Egon Tiedemann
62%
Winden's mental therapist Peter Doppler
60%
Older daughter of the above, rhythmic gymnast Franziska Doppler
58%
Grandmother of #1, nurse at Winden's hospital (1986) Ines Kahnwald
53%
Author of "A Journey Through Time", clockmaker H.G. Tannhaus
50%
Wife of the above, lost a son in 1986 Jana Nielsen
47%
BONUS: Omnipresent latin phrase in the series Sic Mundus Creatus Est
47%
Wife of the above Doris Tiedemann
29%
No matching quizzes found
Score Distribution
Percent of People with Each Score
Percentile by Number Answered
Your Score History
You have not taken this quiz